00708nam a2200205 a 450000100100000000500170001000800410002702000180006804000250008610000280011124500970013925000120023626000440024830000210029250000210031370000210033470000250035595201050038099900170048500004078320201002034357.0130906s2012 sp 001 0 spa d a9788498355239 aDO-SdBNPbspacBNPHU1 aGarcía-Gil, D.96719810aTerapéutica Médica en Urgencias :b2012-2013 /cD. García Gil, J. Mensa, B. Dominguez. a3a. ed. aMadrid :bMédica Panamericana,c2012. a558 p. ;c16 cm. aIncluye índice1 aMensa, J.9671991 aDominguez, B.967200 001050718MOaGRbGRcCTd2013-09-06iLF1l0o p40783-10r2020-06-25w2020-06-25y1ZNo se presta c40273d40273